<?xml version="1.0" encoding="UTF-8"?>
<collection xmlns="http://www.loc.gov/MARC21/slim">
    <record>
        <controlfield tag="001">12953</controlfield>
        <controlfield tag="005">20150325205416.0</controlfield>
        <datafield tag="037" ind1=" " ind2=" ">
            <subfield code="a">TAZ-PFC-2013-706</subfield>
        </datafield>
        <datafield tag="041" ind1=" " ind2=" ">
            <subfield code="a">spa</subfield>
        </datafield>
        <datafield tag="100" ind1="1" ind2=" ">
            <subfield code="a">Torrijos Bernal, Aarón</subfield>
        </datafield>
        <datafield tag="245" ind1="0" ind2="0">
            <subfield code="a">AraW2ord : una herramienta basada en tecnologías Web para la escritura simultánea de texto y pictogramas</subfield>
        </datafield>
        <datafield tag="260" ind1=" " ind2=" ">
            <subfield code="a">Zaragoza</subfield>
            <subfield code="b">Universidad de Zaragoza</subfield>
            <subfield code="c">2013</subfield>
        </datafield>
        <datafield tag="506" ind1=" " ind2=" ">
            <subfield code="a">by-nc-sa</subfield>
            <subfield code="b">Creative Commons</subfield>
            <subfield code="c">3.0</subfield>
            <subfield code="u">http://creativecommons.org/licenses/by-nc-sa/3.0/</subfield>
        </datafield>
        <datafield tag="520" ind1=" " ind2=" ">
            <subfield code="a">Los sistemas alternativos de comunicación surgen como complemento al lenguaje oral para ayudar a personas que padecen trastornos severos en el habla, bien de forma directa o bien de forma indirecta (lesiones o problemas neuronales, cognitivos, autismo, etc.). Estos sistemas facilitan la expresión sin utilizar la palabra, mediante la utilización de otros recursos. En este contexto surge la herramienta AraWord, que permite la escritura simultánea de texto y pictogramas. Los pictogramas representan, de forma clara y sencilla, los conceptos más habituales para la comunicación cotidiana. AraWord es una herramienta open-source desarrollada por profesores y alumnos del Departamento de Informática de la Universidad de Zaragoza, y que en la actualidad cuenta con una amplia comunidad de usuarios a nivel internacional. AraWord se ofrece como un software de escritorio y en la actualidad no dispone de una interfaz orientada a servicios que pueda facilitar la integración de sus capacidades en entornos Web o dispositivos móviles. En este proyecto se ha realizado el desarrollo de una versión Web de AraWord que expone todas las funcionalidades de la herramienta mediante servicios Web. La finalidad ha sido doble: por una parte, los servicios publicados pueden reutilizarse para desarrollar aplicaciones de propósito específico tanto para ordenadores de escritorio como para dispositivos móviles; por otra parte, se ha desarrollado una aplicación Web como caso de aplicación de estos servicios, llamada AraW2ord, accesible mediante cualquier dispositivo a través de un navegador.</subfield>
        </datafield>
        <datafield tag="521" ind1=" " ind2=" ">
            <subfield code="a">Ingeniero en Informática</subfield>
        </datafield>
        <datafield tag="540" ind1=" " ind2=" ">
            <subfield code="a">Derechos regulados por licencia Creative Commons</subfield>
        </datafield>
        <datafield tag="653" ind1="1" ind2=" ">
            <subfield code="a">comunicación alternativa y aumentativa</subfield>
        </datafield>
        <datafield tag="653" ind1="1" ind2=" ">
            <subfield code="a">educación especial</subfield>
        </datafield>
        <datafield tag="653" ind1="1" ind2=" ">
            <subfield code="a">servicios web</subfield>
        </datafield>
        <datafield tag="653" ind1="1" ind2=" ">
            <subfield code="a">procesador de textos</subfield>
        </datafield>
        <datafield tag="653" ind1="1" ind2=" ">
            <subfield code="a">orientación a servicios</subfield>
        </datafield>
        <datafield tag="700" ind1=" " ind2=" ">
            <subfield code="a">Fabra Caro, Francisco Javier</subfield>
            <subfield code="e">dir.</subfield>
        </datafield>
        <datafield tag="710" ind1="2" ind2=" ">
            <subfield code="a">Universidad de Zaragoza</subfield>
            <subfield code="b">Informática e Ingeniería de Sistemas</subfield>
            <subfield code="c">Lenguajes y Sistemas Informáticos</subfield>
        </datafield>
        <datafield tag="856" ind1="0" ind2=" ">
            <subfield code="f">562179@celes.unizar.es</subfield>
        </datafield>
        <datafield tag="856" ind1="4" ind2=" ">
            <subfield code="s">2662609</subfield>
            <subfield code="u">http://zaguan.unizar.es/record/12953/files/TAZ-PFC-2013-706.pdf</subfield>
            <subfield code="y">Memoria (spa)</subfield>
        </datafield>
        <datafield tag="909" ind1="C" ind2="O">
            <subfield code="o">oai:zaguan.unizar.es:12953</subfield>
            <subfield code="p">proyectos-fin-carrera</subfield>
            <subfield code="p">driver</subfield>
        </datafield>
        <datafield tag="950" ind1=" " ind2=" ">
            <subfield code="a"></subfield>
        </datafield>
        <datafield tag="980" ind1=" " ind2=" ">
            <subfield code="a">TAZ</subfield>
            <subfield code="b">PFC</subfield>
            <subfield code="c">EINA</subfield>
        </datafield>
    </record>

    
</collection>